000 00273nam a2200109Ia 4500
008 220204s9999 xx 000 0 und d
082 _a301
_bFIE
100 _aFielding, G J
245 0 _aGeography as social science
260 _aNew York
_bHarper and Row
_c1974
942 _cBK
999 _c30498
_d30498